<?xml version="1.0" encoding="UTF-8"?>
<collection xmlns="http://www.loc.gov/MARC21/slim">
 <record>
  <leader>00655pamaa2200217   4500</leader>
  <controlfield tag="001">0000032932</controlfield>
  <controlfield tag="005">20060830090000.0</controlfield>
  <datafield tag="020" ind1="0" ind2="0">
   <subfield code="a">0130461091 </subfield>
  </datafield>
  <datafield tag="090" ind1="0" ind2="0">
   <subfield code="a">QA76.9.H85 </subfield>
   <subfield code="b">HUM 2004</subfield>
  </datafield>
  <datafield tag="245" ind1="1" ind2="0">
   <subfield code="a">HUMAN-COMPUTER Interaction  </subfield>
   <subfield code="c">Alan J.Dix...[et al.].</subfield>
  </datafield>
  <datafield tag="250" ind1="0" ind2="0">
   <subfield code="a">3rd ed..</subfield>
  </datafield>
  <datafield tag="260" ind1="0" ind2="0">
   <subfield code="a">London: </subfield>
   <subfield code="b">Prentice Hall, </subfield>
   <subfield code="c">2004.</subfield>
  </datafield>
  <datafield tag="300" ind1=" " ind2=" ">
   <subfield code="a">xxiii, 834p.: </subfield>
   <subfield code="b">ill.; </subfield>
   <subfield code="c">25cm.</subfield>
  </datafield>
  <datafield tag="500" ind1="0" ind2="0">
   <subfield code="a">Includes bibliographical references and index</subfield>
  </datafield>
  <datafield tag="650" ind1="0" ind2="0">
   <subfield code="a">Human-computer interaction </subfield>
  </datafield>
  <datafield tag="650" ind1="0" ind2="0">
   <subfield code="a">Oracle (Computer File) </subfield>
  </datafield>
  <datafield tag="700" ind1="1" ind2="1">
   <subfield code="a">Dix, </subfield>
   <subfield code="h">Alan J. </subfield>
  </datafield>
  <datafield tag="700" ind1="1" ind2="1">
   <subfield code="a">Finlay, </subfield>
   <subfield code="h">Janet </subfield>
  </datafield>
  <datafield tag="700" ind1="1" ind2="1">
   <subfield code="a">Abowd, </subfield>
   <subfield code="h">Gregory D. </subfield>
  </datafield>
  <datafield tag="700" ind1="1" ind2="1">
   <subfield code="a">Brale, </subfield>
   <subfield code="h">Russell </subfield>
  </datafield>
  <datafield tag="901" ind1=" " ind2=" ">
   <subfield code="u">http://www.prenhall.com</subfield>
  </datafield>
 </record>
</collection>
